Tizne y cristal poesía
Guardado en:
| Hovedforfatter: | |
|---|---|
| Format: | Ukendt |
| Udgivet: |
Santo Domingo, República Dominicana
Editorial Alas
1987
|
| Fag: | |
| Tags: |
Tilføj Tag
Ingen Tags, Vær først til at tagge denne postø!
|
MARC
| LEADER | 000000000a22000000004500 | ||
|---|---|---|---|
| 001 | 002118 | ||
| 041 | 0 | |a español | |
| 092 | 0 | |a RD861.4 H558t | |
| 100 | 1 | |a Hernández, Angela | |
| 245 | 1 | 0 | |a Tizne y cristal |b poesía |
| 260 | |a Santo Domingo, República Dominicana |b Editorial Alas |c 1987 | ||
| 300 | |a 75 páginas | ||
| 500 | |a Número de inscripción 01431 | ||
| 650 | 4 | |a LITERATURA DOMINICANA | |
| 650 | 4 | |a POESIA | |
| 999 | |c 2987 |d 2987 | ||
